Handbook of fiber chemistry / (Record no. 9142)
[ view plain ]
| 000 -LEADER | |
|---|---|
| fixed length control field | 00763nac a22002291u 4500 |
| 020 ## - INTERNATIONAL STANDARD BOOK NUMBER | |
| International Standard Book Number | 0824725654 |
| 082 ## - DEWEY DECIMAL CLASSIFICATION NUMBER | |
| Classification number | 677.02832 |
| Item number | FIB |
| 090 ## - LOCALLY ASSIGNED LC-TYPE CALL NUMBER (OCLC); LOCAL CALL NUMBER (OCLC) | |
| -- | 9142 |
| -- | 9142 |
| 100 ## - MAIN ENTRY--PERSONAL NAME | |
| Personal name | 20080729 |
| 245 ## - TITLE STATEMENT | |
| Title | Handbook of fiber chemistry / |
| Statement of responsibility, etc | edited by Menachem Lewin. |
| 250 ## - EDITION STATEMENT | |
| Edition statement | 3rd ed. |
| 260 ## - PUBLICATION, DISTRIBUTION, ETC. (IMPRINT) | |
| Place of publication, distribution, etc | London : |
| Name of publisher, distributor, etc | Taylor & Francis,2007. |
| Date of publication, distribution, etc | 2007 |
| 300 ## - PHYSICAL DESCRIPTION | |
| Extent | 1044 p.: |
| Other physical details | ill.; |
| Dimensions | 26 cm. |
| 440 ## - | |
| -- | International fiber science and technology series ; |
| -- | 16 |
| 500 ## - GENERAL NOTE | |
| General note | distributer: Al-Ahram |
| 504 ## - BIBLIOGRAPHY, ETC. NOTE | |
| Bibliography, etc | Includes bibliographical references and index. |
| 511 ## - PARTICIPANT OR PERFORMER NOTE | |
| Participant or performer note | catalogued by: wessam |
| 650 ## - SUBJECT ADDED ENTRY--TOPICAL TERM | |
| Topical term or geographic name as entry element | Textile fibers. |
| 650 ## - SUBJECT ADDED ENTRY--TOPICAL TERM | |
| Topical term or geographic name as entry element | Textile chemistry. |
| 700 ## - ADDED ENTRY--PERSONAL NAME | |
| Personal name | Lewin, Menachem, |
| Dates associated with a name | 1918- |
| 942 ## - ADDED ENTRY ELEMENTS (KOHA) | |
| Item type | Book - Borrowing |
| Call number prefix | 677.02832 FIB |
| Withdrawn status | Item status | Damaged status | Not for loan | Home library | Current library | Shelving location | Date acquired | Source of acquisition | Total Checkouts | Full call number | Barcode | Date last seen | Koha item type |
|---|---|---|---|---|---|---|---|---|---|---|---|---|---|
| Central Library | Central Library | First floor | 08/04/2016 | Purchase | 677.02832 FIB | 000009717 | 15/07/2025 | Book - Borrowing |